Los nueve libros de la historia
Guardat en:
| Autor principal: | |
|---|---|
| Format: | Llibre |
| Idioma: | espanyol |
| Publicat: |
Barcelona, España
Iberia
1960
|
| Col·lecció: | Obras maestras
|
| Matèries: | |
| Etiquetes: |
Afegir etiqueta
Sense etiquetes, Sigues el primer a etiquetar aquest registre!
|
MARC
| LEADER | 00000nam a2200000 a 4500 | ||
|---|---|---|---|
| 001 | UCV9045 | ||
| 003 | CL-VaPUC | ||
| 005 | 20210602001426.0 | ||
| 008 | 920427e19600000SP |||||||||||||||||spa|d | ||
| 999 | |c 214442 |d 214440 | ||
| 040 | |c Pontificia Universidad Católica de Valparaíso | ||
| 082 | 0 | 4 | |a 938 HER 1960 |2 21 |
| 100 | |a Heródoto |e author |9 318244 | ||
| 245 | 1 | 4 | |a Los nueve libros de la historia |
| 260 | |a Barcelona, España |b Iberia |c 1960 | ||
| 300 | |a volúmenes | ||
| 490 | 0 | |a Obras maestras | |
| 583 | |a last modification |c 19920427 00:00:00 |k Rodrigo Vera | ||
| 650 | 0 | |a Historia antigua |9 267521 | |
| 651 | 0 | |a Grecia |9 265314 | |
| 942 | |c BK |2 ddc | ||
| 945 | |d 19920427 00:00:00 |a oaravena | ||
| 952 | |0 0 |1 0 |4 0 |6 938_000000000000000_HER_1960 |7 0 |8 P |9 197793 |a BIBARQ |b BIBARQ |d 2019-11-14 |h v.1 |i 2654504 |o 938 HER 1960 |p 2654504 |r 2025-01-20 |w 2019-11-14 |y BK |k ARQ | ||
| 952 | |0 0 |1 0 |4 0 |6 938_000000000000000_HER_1960 |7 0 |8 P |9 197794 |a BIBARQ |b BIBARQ |d 2019-11-14 |h v.2 |i 3274950 |o 938 HER 1960 |p 3274950 |r 2025-01-20 |w 2019-11-14 |y BK |k ARQ | ||